The credibility of the Christian revelation, from it's intrinsick evidence : in eight sermons, preach'd in the Cathedral Church of St. Paul : being the lecture for the year 1699, founded by the Honourable Robert Boyle, Esq. : with a ninth sermon, as an appendix, in reply to an objection /

Bibliographic Details
Main Author: Bradford, Samuel, 1652-1731
Format: Microform Book
Language:English
Series:Early English books, 1641-1700 ; 15:16.
Boyle lectures ; 1699.
Subjects:

MARC

Tag First Indicator Second Indicator Subfields
LEADER 00000cam a2200000 a 4500
001 in00000968950
005 20150926135935.0
007 hd afv|||baca
008 850510s1700 miu a 00010 eng d
035 |a (OCoLC)12021253 
035 |9 AEU3317AM 
037 |a CL0037000001  |b UMI 
037 |b University Microfilms International, 300 N. Zeeb Rd., Ann Arbor, MI 48106 
040 |a EAA  |c EAA  |d m/c  |d UMI  |d UtOrBLW 
049 |a TXAI 
099 |a film   |a  B   |a  3609 
100 1 |a Bradford, Samuel,  |d 1652-1731. 
245 1 4 |a The credibility of the Christian revelation, from it's intrinsick evidence :  |b in eight sermons, preach'd in the Cathedral Church of St. Paul : being the lecture for the year 1699, founded by the Honourable Robert Boyle, Esq. : with a ninth sermon, as an appendix, in reply to an objection /  |c by Samuel Bradford ... 
264 3 |a London :  |b Printed for Tho. Parkhurst ...,  |c 1700. 
300 |a 288 pages in various pagings. 
336 |a text  |b txt  |2 rdacontent 
337 |a microform  |b h  |2 rdamedia 
338 |a microfilm reel  |b hd  |2 rdacarrier 
490 1 |a Lecture founded by the Honourable Robert Boyle, Esq. ;  |v 1699 
500 |a Each sermon has special title page. 
500 |a Reproduction of original in British Library. 
510 4 |a Wing  |c B4108 
510 4 |a Arber's Term cat.  |c III 197 
533 |a Microfilm.  |b Ann Arbor, Mich. :  |c University Microfilms,  |d 1961.  |e 1 microfilm reel ; 35 mm.  |f (Early English books, 1641-1700 ; 15:16) 
500 |a Microform. 
650 0 |a Sermons, English. 
650 0 |a Revelation  |x Sermons. 
830 0 |a Early English books, 1641-1700 ;  |v 15:16. 
830 0 |a Boyle lectures ;  |v 1699. 
999 |a MARS 
999 f f |s 65c60bc8-58bf-34f2-b3ab-17754e126c0c  |i 8da5bdf6-2fe1-38cb-b7a4-552d69eb2e05  |t 0 
952 f f |p default  |a Texas A&M University  |b College Station  |c Sterling C. Evans Library  |d Evans: Microforms (3rd floor)  |t 0  |e film B 3609 15:16  |h Other scheme  |i microform -- microfilm reel 
998 f f |a film B 3609 15:16  |t 0  |l Evans: Microforms (3rd floor)